| 000 | 00763nab a2200277 a 4500 | ||
|---|---|---|---|
| 001 | 62588 | ||
| 003 | 135012 | ||
| 005 | 20201118105938.0 | ||
| 008 | ||||||n9999 ||| || || | ||
| 041 | _apor | ||
| 100 | _aBarboza Franca, Susete | ||
| 245 | 2 | _aA presenca do estado no setor saude no Brasil | |
| 260 |
_aBrasil : _bEscola Nacional de Administracao Pública, _c1998. |
||
| 300 | _app.85-100 | ||
| 562 | _e0 | ||
| 650 | _aANALISIS NORMATIVO | ||
| 650 | _aBRASIL | ||
| 650 | _aEVOLUCIÓN HISTÓRICA | ||
| 650 | _aFINANCIAMIENTO | ||
| 650 | _aPAPEL DEL ESTADO | ||
| 650 | _aPOLÍTICA DE SALUD | ||
| 650 | _aSEGURIDAD SOCIAL | ||
| 650 | _aSISTEMA DE SALUD | ||
| 773 |
_060631 _aRevista do Serviço Público - Vol.49 No.3 |
||
| 942 | _cSART | ||
| 999 |
_c62588 _d62588 |
||